Philosophical meditations, with divine inferences : In two parts. ... By Benjamin Parker, ...

Bibliographic Details
Main Author: Parker, Benjamin, -1747
Format: eBook
Language:English
Edition:The third edition, revised and corrected by a gentleman of the University of Oxford.
Series:Eighteenth century collections online.
Online Access:Full text online

MARC

Tag First Indicator Second Indicator Subfields
LEADER 00000cam a2200000 4500
001 in00001966200
006 m | d |
007 cr |n||||||||n
008 801030s1744 enk|||| s 00||||eng d
005 20260403172252.0
035 |a (CStRLIN)ESTCT107245 
040 |a Uk-ES  |c Uk-ES  |d CStRLIN  |d Thomson Gale  |d UtOrBLW 
100 1 |a Parker, Benjamin,  |d -1747. 
245 1 0 |a Philosophical meditations, with divine inferences :  |b In two parts. ... By Benjamin Parker, ... 
250 |a The third edition, revised and corrected by a gentleman of the University of Oxford. 
264 3 |a London :  |b printed for C. Corbett; and T. Harris,  |c 1744. 
300 |a 4 unnumbered pages, 72, 76p. ;  |c 8⁰. 
336 |a text  |b txt  |2 rdacontent 
337 |a computer  |b c  |2 rdamedia 
338 |a online resource  |b cr  |2 rdacarrier 
500 |a With an advertisement leaf. 
500 |a Reproduction of original from the British Library. 
510 4 |a English Short Title Catalog,  |c ESTCT107245. 
533 |a Electronic reproduction.  |b Farmington Hills, Mich. :  |c Thomson Gale,  |d 2003.  |n Available via the World Wide Web.  |n Access limited by licensing agreements  |7 s2003 miunns 
500 |a Electronic resource. 
830 0 |a Eighteenth century collections online. 
856 4 0 |u http://proxy.library.tamu.edu/login?url=https://galenet.galegroup.com/servlet/ECCO?c=1&stp=Author&ste=11&af=BN&ae=T107245&tiPG=1&dd=0&dc=flc&docNum=CW120728592&vrsn=1.0&srchtp=a&d4=0.33&n=10&SU=0LRF&locID=txshracd2898  |z Full text online  |t 0 
999 |a MARS 
999 f f |s 28ebf2b8-1acd-38bf-9dea-dac6880c2f38  |i bd186079-59dc-3ba0-9932-af48fab0d95d  |t 0 
952 f f |a Texas A&M University  |b College Station  |c Electronic Resources  |s www_evans  |d Available Online  |t 0  |h No information provided 
998 f f |t 0  |l Available Online